Vplyv analýzy hodnotového systému spotrebiteľa na cenotvorbu firmy

Predpoklady implementácie hodnotovo orientovanej cenotvorby firmou. Ekonomické vymedzenie hodnotového vnímania spotrebiteľa. Identifikácia hodnotovo orientovanej pozície firmy. Hodnotová analýza spotrebiteľa. Vplyv referenčnej skupiny na rozhodovanie spotrebiteľa.

Salvato in:
Dettagli Bibliografici
Autore principale: Kintler, Jakub, 1979-
Natura: Capitolo di libro
Lingua:slovacco
Soggetti:
Tags: Aggiungi Tag
Nessun Tag, puoi essere il primo ad aggiungerne!!

MARC

LEADER 00000nla a2200000 4500
001 0223839
005 20240502073650.5
041 0 |a slo 
044 |a SK 
245 1 0 |a Vplyv analýzy hodnotového systému spotrebiteľa na cenotvorbu firmy  |c Jakub Kintler 
520 |a Predpoklady implementácie hodnotovo orientovanej cenotvorby firmou. Ekonomické vymedzenie hodnotového vnímania spotrebiteľa. Identifikácia hodnotovo orientovanej pozície firmy. Hodnotová analýza spotrebiteľa. Vplyv referenčnej skupiny na rozhodovanie spotrebiteľa. 
610 2 0 |a spotrebitelia 
610 2 0 |a správanie spotrebiteľa 
610 2 0 |a hodnota 
610 2 0 |a rozhodovanie nákupné 
610 2 0 |a tvorba cien 
610 2 0 |a firmy 
610 2 0 |a prieskum 
100 1 |a Kintler, Jakub, 1979-